Groupes de choses : Australie - Statistiques

Statistiques générales
  • Ce quiz a été pris 103 fois
  • Le résultat moyen est 16 sur 36
Statistiques - réponses
Hint Réponse % Correct
Villes les plus peuplées Sydney
99%
Villes les plus peuplées Melbourne
94%
Mers et océans bordant l'Australie Océan {Pacifique}
90%
Mers et océans bordant l'Australie Océan {Indien}
87%
Villes les plus peuplées Perth
83%
Pays de naissance les plus communs Nouvelle-Zélande
80%
Villes les plus peuplées Brisbane
74%
Villes les plus peuplées Adélaïde
69%
Pays de naissance les plus communs Australie
66%
Pays de naissance les plus communs Chine
66%
Pays de naissance les plus communs Royaume-Uni
63%
Mers et océans bordant l'Australie Mer de {Tasman}
62%
Mammifères qui pondent des oeufs Ornithorynque
62%
Mers et océans bordant l'Australie Mer de {Corail}
53%
États Nouvelle-Galles du Sud
53%
États Queensland
53%
États Tasmanie
45%
Pays de naissance les plus communs Inde
43%
Principaux déserts Grand désert de {Victoria}
42%
États Victoria
42%
Années des sacres à la Coupe du Monde de rugby 1991
35%
Années des sacres à la Coupe du Monde de rugby 1999
35%
États Australie-Occidentale
35%
États Australie-Méridionale
28%
Mammifères qui pondent des oeufs Échidné à nez court
24%
Acteurs et actrices ayant remporté un Oscar Nicole Kidman
16%
Principaux déserts Désert de {Gibson}
11%
Principaux déserts Grand Désert de {Sable}
11%
Acteurs et actrices ayant remporté un Oscar Cate Blanchett
10%
Mers et océans bordant l'Australie Mer de {Timor}
7%
Acteurs et actrices ayant remporté un Oscar Russell Crowe
7%
Principaux déserts Désert de {Simpson}
3%
Acteurs et actrices ayant remporté un Oscar Peter Finch
3%
Principaux déserts Désert de {Tanami}
2%
Acteurs et actrices ayant remporté un Oscar Geoffrey Rush
2%
Mers et océans bordant l'Australie Mer d'{Arafoura}
2%
Aucun quiz correspondant
Distribution des résultats
% des personnes avec chaque résultat
Percentile par nombre de réponses
Votre historique - résultats
Vous n’avez pas pris ce quiz